The sword of Tipu Sultan : (Record no. 64149)
[ view plain ]
| 000 -LEADER | |
|---|---|
| fixed length control field | 00772nam a2200217 a 4500 |
| 001 - CONTROL NUMBER | |
| control field | 64149 |
| 003 - CONTROL NUMBER IDENTIFIER | |
| rucl marc code | BD-RjUL |
| 005 - DATE AND TIME OF LATEST TRANSACTION | |
| control field | 20211209081257.0 |
| 008 - FIXED-LENGTH DATA ELEMENTS--GENERAL INFORMATION | |
| fixed length control field | 170209s19891976ii 000 1 eng d |
| 035 ## - SYSTEM CONTROL NUMBER | |
| System control number | (BD-RjUL)64279 |
| 040 ## - CATALOGING SOURCE | |
| Original cataloging agency | BD-RjUL |
| Transcribing agency | BD-RjUL |
| Modifying agency | BD-RjUL |
| Language of cataloging | eng |
| 041 ## - LANGUAGE CODE | |
| Language code of text/sound track or separate title | eng |
| 082 00 - DEWEY DECIMAL CLASSIFICATION NUMBER | |
| Classification number | 823 |
| Edition number | 23 |
| Author mark and year | GIS 1989 |
| 100 1# - MAIN ENTRY--PERSONAL NAME | |
| Personal name | Gidwani, B. S. |
| 9 (RLIN) | 190521 |
| 245 14 - TITLE STATEMENT | |
| Title | The sword of Tipu Sultan : |
| Remainder of title | a historical novel about the life and legend of Tipu Sultan of India / |
| Statement of responsibility, etc. | Bhagwan S. Gidwani. |
| 260 ## - PUBLICATION, DISTRIBUTION, ETC. (IMPRINT) | |
| Place of publication, distribution, etc. | Bombay : |
| Name of publisher, distributor, etc. | Allied Publishers, |
| Date of publication, distribution, etc. | 1976 [reprinted 1989] |
| 300 ## - PHYSICAL DESCRIPTION | |
| Pagination | xviii, 372 p. ; |
| Size | 22 cm. |
| 600 20 - SUBJECT ADDED ENTRY--PERSONAL NAME | |
| Personal name | Tipu Sultan, Fath Κ»Ali, |
| Titles and other words associated with a name | Nawab of Mysore, |
| Dates associated with a name | 1753-1799 |
| General subdivision | Fiction. |
| 651 #0 - SUBJECT ADDED ENTRY--GEOGRAPHIC NAME | |
| Geographic name | Karnataka (India) |
| General subdivision | Kings and rulers |
| -- | Fiction. |
| 9 (RLIN) | 190523 |
| 942 ## - ADDED ENTRY ELEMENTS (KOHA) | |
| Source of classification or shelving scheme | Dewey Decimal Classification |
| Koha item type | Books |
| Lost status | Source of classification or shelving scheme | Damaged status | Not for loan | Collection code | Permanent Location | Current Location | Shelving location | Date acquired | Source of acquisition | Total Checkouts | Full call number | Date last seen | Copy number | Koha item type |
|---|---|---|---|---|---|---|---|---|---|---|---|---|---|---|
| Dewey Decimal Classification | Not For Loan | Fiction | Central Library, University of Rajshahi | Central Library, University of Rajshahi | Reading Room | 29/10/1992 | R. U. L. | 823 GIS 1989 | 09/02/2017 | C-1 | Books |